000
00311nam a22001337a 4500
008
190225b xxu||||| |||| 00| 0 eng d
020
_a
9780321694058
041
_a
eng
080
_2
12th
_a
510
100
_a
36
101
_a
MAT
245
_a
Mathematical Ideas. Instructor's Manual
_c
Miller
942
_2
udc
_c
BK
999
_c
54228
_d
54228